| 000 | 01511nam a2200349 i 4500 | ||
|---|---|---|---|
| 001 | 196606 | ||
| 003 | ES-MaACL | ||
| 005 | 20250810225047.0 | ||
| 007 | ta | ||
| 008 | 241010s1962||||be |r|||||00| ||fre d | ||
| 035 | _a(OCoLC)493601268 | ||
| 035 | _aPRITEC.AIX.012840245001 | ||
| 035 | _a090836766 | ||
| 040 |
_aABES _bfre _eAFNOR _cES-MaACL _dES-MaACL |
||
| 041 | 0 | _2639-2 | |
| 100 |
_aPraag-Chantraine, Jacqueline van _4aut. _9237133 _eaut |
||
| 245 | 1 | 4 |
_aLes Poètes espagnols entre l'oeillet et l'épée / _cJacqueline van Praag-Chantraine. |
| 260 |
_aBruselas : _bGoemaere, _c1962. _f(Goemaere) |
||
| 300 |
_a17 p. ; _c25 cm. |
||
| 336 |
_btxt _2rdacontent _atexto |
||
| 337 |
_bn _2rdamedia _asin mediación |
||
| 337 |
_bn _2isbdmedia _asin mediación |
||
| 338 |
_2rdacarrier _avolumen |
||
| 500 | _aExtr. de : "Revue générale belge", 1962, décembre. | ||
| 650 | 7 |
_aPoesía española _2embne _916164 |
|
| 852 |
_aES-MaACL _cDEPOF _jFOLL-BUE-61 _hLegado: Antonio Buero Vallejo _gDedicatoria manuscrita del autor, Jacqueline Van Praag-Chantraine, para Antonio Buero Vallejo: "A don Antonio Buero Vallejo deseándole buenas fiestas navideñas, felicidad, propsridad y grandes éxitos en el año nuevo [firma] Diciembre de 1962" _9204321 |
||
| 903 |
_932421 _aBuero Vallejo, Antonio, _q1 _d1916-2000 _ednr |
||
| 942 |
_n0 _cFOLLETOS |
||
| 999 |
_c196606 _d196606 |
||